Online
Catalog

Enseñanza de las ciencias desde la perspectiva ciencia-tecnología-sociedad. / (Record no. 36655)

MARC details
000 -CABECERA
campo de control de longitud fija 00489nam a2200157 a 4500
001 - NÚMERO DE CONTROL
campo de control 000037165
005 - FECHA Y HORA DE LA ÚLTIMA TRANSACCIÓN
campo de control 20200930080201.0
008 - DATOS DE LONGITUD FIJA--INFORMACIÓN GENERAL
campo de control de longitud fija 120220s2001 sp 000 0 spa d
020 ## - NÚMERO INTERNACIONAL ESTÁNDAR DEL LIBRO
Número Internacional Estándar del Libro 84277139008
040 ## - FUENTE DE LA CATALOGACIÓN
Centro catalogador/agencia de origen DO-SdBNP
Lengua de catalogación spa
Centro/agencia transcriptor BNPHU
082 ## - NÚMERO DE LA CLASIFICACIÓN DECIMAL DEWEY
Número de clasificación xxxx
Número de documento/Ítem E59c
245 00 - MENCIÓN DE TÍTULO
Título Enseñanza de las ciencias desde la perspectiva ciencia-tecnología-sociedad. /
Mención de responsabilidad, etc. Pedro Membiela (ed.).
260 ## - PUBLICACIÓN, DISTRIBUCIÓN, ETC.
Lugar de publicación, distribución, etc. Madrid :
Nombre del editor, distribuidor, etc. Narcea,
Fecha de publicación, distribución, etc. 2001.
300 ## - DESCRIPCIÓN FÍSICA
Extensión 231 p. ;
Dimensiones 25 cm.
700 1# - PUNTO DE ACCESO ADICIONAL--NOMBRE DE PERSONA
Nombre de persona Membiela, Pedro,
Término indicativo de función/relación ed.
9 (RLIN) 63574
Holdings
Estado de retiro Estado de pérdida Restricciones de uso No para préstamo Código de colección Localización permanente Ubicación/localización actual Ubicación en estantería Fecha de adquisición Número de inventario Total de préstamos Signatura topográfica completa Código de barras Fecha visto por última vez Precio válido a partir de Tipo de ítem Koha
      Excluido de préstamo Monografías: Libros y Folletos General General En catalogación 20.02.2012 LF1   xxxx E59c 37165-10 25.06.2020 25.06.2020 No se presta

Powered by Koha